Loading...
| Philosophy | 2 | 2 | 2 | 2 | 40 | 45 | 88.75 | 2 | 3 | 0.00 | 0.00 |
| Fine Arts - Auditory | 1 | 2 | 0 | 0 | 35 | 54 | 91.67 | 1 | 1 | 0.00 | 0.00 |
| Science - Other | 2 | 0 | 0 | 0 | 30 | 35 | 51.00 | 1 | 2 | 0.00 | 0.00 |
| Social Science | 0 | 3 | 1 | 1 | 25 | 87 | 102.67 | 0 | 1 | 0.00 | 0.00 |
| History - European | 1 | 1 | 0 | 0 | 25 | 33 | 62.00 | 0 | 2 | 0.00 | 0.00 |
| Literature - European | 0 | 2 | 0 | 1 | 20 | 93 | 114.50 | 0 | 2 | 0.00 | 0.00 |
| Science - Biology | 0 | 2 | 0 | 2 | 20 | 118 | 120.00 | 0 | 0 | 0.00 | 0.00 |
| Fine Arts - Other | 1 | 1 | 2 | 0 | 15 | 73 | 76.00 | 1 | 2 | 0.00 | 0.00 |
| History - American | 0 | 2 | 1 | 1 | 15 | 99 | 113.00 | 0 | 0 | 0.00 | 0.00 |
| History - Other | 0 | 1 | 0 | 1 | 10 | 134 | 134.00 | 0 | 0 | 0.00 | 0.00 |
| Mythology | 0 | 1 | 0 | 0 | 10 | 126 | 126.00 | 1 | 1 | 0.00 | 0.00 |
| Mythology- Edited | 0 | 1 | 0 | 1 | 10 | 138 | 138.00 | 0 | 0 | 0.00 | 0.00 |
| Religion | 0 | 1 | 1 | 0 | 5 | 91 | 91.00 | 0 | 1 | 0.00 | 0.00 |
| Fine Arts - Visual | 1 | 0 | 3 | 0 | 0 | 72 | 72.00 | 0 | 1 | 0.00 | 0.00 |
| History - World | 0 | 0 | 1 | 0 | -5 | 0.00 | 0 | 0 | 0.00 | 0.00 | |
| Geography | 0 | 0 | 1 | 0 | -5 | 0.00 | 0 | 0 | 0.00 | 0.00 | |
| Religion- | 0 | 0 | 1 | 0 | -5 | 0.00 | 0 | 0 | 0.00 | 0.00 |